| 000 | 00487cam a22001457a 4500 | ||
|---|---|---|---|
| 008 | 180718b1956 xxu||||| |||| 00| 0 eng d | ||
| 082 | _aI24x914 P538p | ||
| 100 | _aRomani, John H. | ||
| 245 |
_aPhilippine presidency _cby John H. Romani |
||
| 260 |
_aManila _bInstitute of Public Administration _c1956 |
||
| 300 | _a237p | ||
| 650 | _aPhilippines --Politics and government --1946-1973 | ||
| 650 | _aPhilippines --Politics and government --1935-1946 | ||
| 650 | _aPresidents --Philippines | ||
| 999 |
_c499559 _d499559 |
||